000 00301nam a22001457a 4500
008 210311b ||||| |||| 00| 0 eng d
020 _a9780679746744
041 _aeng
080 _a61
082 _a61
100 _a3
101 _aSHM
245 _aWhy We Get Sick
_cNesse,M.R
942 _2udc
_cBK
999 _c56439
_d56439